Otázka ústavnosti hromadného zberu metadát o telefonickej komunikácii v USA
Po prijatí Zákona o zahraničnom spravodajskom sledovaní v roku 1978 sa vytvorila federálna štruktúra zameraná na zber informácií týkajúcich sa národnej bezpečnosti Spojených štátov. Zákon ustanovil procedúry a podmienky získavania spravodajských informácií a poveril novovytvorenú dvojicu špeciálnych...
Guardado en:
| Autor principal: | |
|---|---|
| Formato: | Capítulo de libro |
| Lenguaje: | eslovaco |
| Materias: | |
| Etiquetas: |
Sin Etiquetas, Sea el primero en etiquetar este registro!
|
MARC
| LEADER | 00000nla a2200000 4500 | ||
|---|---|---|---|
| 001 | 0241488 | ||
| 005 | 20240502073931.0 | ||
| 041 | 0 | |a slo | |
| 044 | |a SK | ||
| 245 | 1 | 0 | |a Otázka ústavnosti hromadného zberu metadát o telefonickej komunikácii v USA |c Gilbert Futó |
| 520 | |a Po prijatí Zákona o zahraničnom spravodajskom sledovaní v roku 1978 sa vytvorila federálna štruktúra zameraná na zber informácií týkajúcich sa národnej bezpečnosti Spojených štátov. Zákon ustanovil procedúry a podmienky získavania spravodajských informácií a poveril novovytvorenú dvojicu špeciálnych súdov, aby rozhodovali o požiadavkách bezpečnostných agentúr pri získavaní týchto údajov. Tajnosť súdnych rozhodnutí zabránila verejnej kontrole počas nasledujúcich troch desaťročí. Po septembrových útokoch na Spojené štáty v roku 2001 bol pôvodný zákon novelizovaný do podoby, ktorá neskôr umožnila federálnej vláde hromadne získavať metadáta o telefonickej komunikácii osôb v Spojených štátoch. Po zverejnení týchto praktík v roku 2013 sa na federálnych súdoch začali súdne spory o ústavnosť hromadného zberu metadát. | ||
| 610 | 2 | 0 | |a telekomunikácie |
| 610 | 2 | 0 | |a metainformácie |
| 610 | 2 | 0 | |a dáta |
| 610 | 2 | 0 | |a bezpečnosť |
| 610 | 2 | 0 | |a legislatíva |
| 610 | 2 | 0 | |a USA |
| 100 | 1 | |a Futó, Gilbert | |